| 000 | 00535nam a2200193 a 4500 | ||
|---|---|---|---|
| 001 | 5423 | ||
| 003 | CO-ViMGA | ||
| 008 | 141112s2004 ck r 000 u spa d | ||
| 040 |
_aCO-ViMGA _bspa _cCO-ViMGA |
||
| 082 | _a301.42 E54o2 | ||
| 100 | 1 |
_aEngels, Friedrich _95151 |
|
| 245 | 1 | 0 | _aEl origen de la familia, la propiedad privada y el estado |
| 250 | _a5a | ||
| 260 |
_aSantafé de Bogotá : _bPanAméricana, _c1997 |
||
| 300 | _a221 p | ||
| 650 | 1 | 4 |
_aFAMILIA - ORIGEN _95152 |
| 650 | 1 | 4 |
_aPROPIEDAD PRIVADA _95153 |
| 942 |
_2ddc _cBK |
||
| 999 |
_c10650 _d10650 |
||